000 00347 a2200157 4500
001 50619
020 _a9788587872951
040 _cAnchieta - Bela Vista
100 _aRodriguez, Janete Lins
240 1 0 _aA África está em nós
_lpor
245 1 0 _aA África está em nós
300 _a80
362 0 _a2009
650 4 _aBrasil
942 _cBK
999 _c50619
_d50619